| 000 | 00000nas 2200000za 4500 |
| 001 | 9.838009 |
| 003 | CaOODSP |
| 005 | 20221107151257 |
| 007 | cr ||||||||||| |
| 008 | 160912d20052014oncar pso f0 b0fre|d |
| 040 | |aCaOODSP|bfre |
| 043 | |an-cn--- |
| 086 | 1 |aF1-49/1F-PDF |
| 110 | 1 |aCanada. |bMinistère des finances. |
| 245 | 10|aÀ quoi servent vos impôt |h[ressource électronique]. |
| 246 | 13|aVos impôts |
| 260 | |aOttawa : |bMinistère des finances Canada,|c[2005-2014] |
| 310 | |aAnnuel |
| 362 | 1 |aParaît depuis 2004/2005?; ne paraît plus après 2013/2014. |
| 500 | |aPubl. aussi en anglais sous le titre : Where your tax dollars go; et, Your tax dollar. |
| 692 | 07|2gccst|aFinances publiques |
| 775 | 08|tWhere your tax dollars go |w(CaOODSP)9.821343 |
| 775 | 08|tYour tax dollar |w(CaOODSP)9.838006 |
| 780 | 00|tOù va l'argent de vos impôts |w(CaOODSP)9.823988 |